Quizzes
Events
Quiz Creation
Community
Videos
Private Events
Remove Ads
Sign In
Join for FREE
Feedback
Dark Mode
Quiz Categories
Sports
Geography
Music
Movies
Television
Just For Fun
Miscellaneous
History
Literature
Language
Science
Gaming
Entertainment
Religion
Holiday
For Kids
Quiz Lab
Recent
Popular Today
Quiz Kudos Today
Editor Picks
Curator Picks
Quizzes by...
Day
Popularity
Type
Ratings
Length
Year
Community
Subscriptions
Recent Discussions
Orange Saloon
Badges
Playlists
Quests
Create
Leaderboards
Showdown
Live 5
Trivia Bingo
Activity
Puzzle Library
Sporcle Events
Private Events
Virtual Trivia
Globe League
Become a Host
Pub Owners
SporcleCon
Opinionation
Our Games
Videos
Blog
Mobile Apps
Partnerships
Remove Ads and Go Orange
Feedback
Gaming
Video Games
Board Games
Card Games
Pokémon
Mario
Nintendo
Minecraft
Console
Toys
Legend of Zelda
Gaming
Video Games
Board Games
Card Games
Pokémon
Mario
Nintendo
Minecraft
Console
Toys
Legend of Zelda
Random Quiz
Search Sporcle
×
Quiz Lab
Quiz Lab
Gaming
Ace Attorney
Type in answers that appear in a list
Type in answers that appear in a list
Classic
Best Score? Go Orange.
Ace Attorney Defendants Stats
Can you name the defendant in each Ace Attorney case?
By
Tats
10m
27 Questions
771 Plays
771 Plays
771 Plays
Comments
Comments
Give Quiz Kudos
Give Quiz Kudos
-
- Ratings
hide this ad
More Info
Replay
Link that replays current quiz
Next Quiz
Link to next quiz in quiz playlist
You Got
0%
They Got
Avg Score
84%
Avg Friend Score
Upgrade to see
Score Distribution
Jump to the score distribution portion of the page
Score
0/27
Timer
10:00
0
Plays Today
Case
Defendant
% Correct
1-
2 *
Maya Fey
99.5%
2-
2
Maya Fey
99.5%
1-
2 *
Phoenix Wright
99.1%
3-
1
Phoenix Wright
99.1%
4-
1
Phoenix Wright
99.1%
1-
1
Larry Butz
99%
1-
4
Miles Edgeworth
96.2%
1-
3
Will Powers
95.5%
2-
1
Maggey Byrde
92.7%
1-
5
Lana Skye
92.6%
3-
3
Maggey Byrde
92.6%
2-
4
Matt Engarde
91.3%
3-
5
Iris
88.1%
2-
3
Max Galactica
85.7%
Case
Defendant
% Correct
3-
2
Ron DeLite
85.3%
3-
4
Terry Fawles
84.6%
5-
5
Athena Cykes
80%
4-
4 *
Vera Misham
79.5%
5-
1
Juniper Woods
75.9%
5-
3
Juniper Woods
75.9%
4-
4 *
Zak Gramarye
75.7%
4-
2
Wocky Kitaki
74.8%
4-
3
Machi Tobaye
71.2%
5-
4
Solomon Starbuck
63.9%
5-
DLC *
Ora Shipley
63.3%
5-
2
Damien Tenma
58.5%
5-
DLC *
Sasha Buckler
52%
Quiz Playlist
Details
Report
Send in Message
Add To Playlist
More Info:
Cases marked with an asterisk have more than one defendant. Does not include Ace Attorney Investigations.
Classic:
Type in answers that appear in a list
Last Updated: Feb 16, 2017
Quiz Scoreboard
CHALLENGE
Sign Up to Join the Scoreboard
Show All
Scores
Hide
Comments
May contain spoilers
Recently Published
An Introduction to Baseball
by treessimontrees
Sports
5m
Movies - When Are They Set?
by FPL_Elf
Movies
5m
Popular People in 1961
by mucciniale
History
6m
More to Explore
Quiz From the Vault
Featured Blog Post
Where Did the Easter Bunny Come From?
hide this ad
You Might Also Like...
Tags
Ace
Ace Attorney
Attorney
case
Victim
Today's Top Quizzes in Gaming
Browse Gaming
hide this ad
Top Contributed Quizzes in Gaming
1
Destiny 2 exotic weapons by perk icons
2
Ultimate Genshin Impact Logic Puzzle (up to 4.3)
3
5-to-1: Consoles
4
Genshin Impact Logic Puzzle Quiz
5
Franchise by Action Figure
6
Who's on the WWE 2K24 Cover?
7
Windmill: Pokémon
8
Legendary or Exotic?
9
Overwatch 2: Ultimate Ability Icons
10
5-to-1: Legend of Zelda
Explore More
Trending Topics
Kpop
Harry Potter
NBA
Marvel
Anime
Disney
Crossword
The Office
Pokémon
Puzzle
Song
NFL
Soccer
WWE
Country
hide this ad
More By:
Tats
Quiz
Plays
Rating
Category
Featured
Created
One Name Singers (A-Z)
140,902
2.75
Music
Jan 14, 2010
Celebrity by Scandal
129,758
3.86
Entertainment
Aug 13, 2010
American Idol Judges
55,950
4.04
Television
Nov 17, 2010
Celebrity Authors by Books
51,135
3.61
Literature
Oct 6, 2009
Actors in TV & Film II
20,657
4.35
Entertainment
Nov 1, 2009
Go to Creator's Profile
Score Distribution
Quiz Creator Spotlight
Tats
Follow
Send a Message
Quizzes Created
-
Created Quiz Play Count
-
More By This Creator
Popular Quizzes Today
1
Find the Countries of Europe - No Outlines Minefield
2
Find the US States - No Outlines Minefield
3
The Countries of the World
4
Popular People in 1961
5
US States
6
1-10 Letter E Words III
7
Find the US States
8
Risky Map Clicking: Biggest States A-Z
More Gaming Quizzes
Pokémon Logic Puzzle
Quiz Lab
Trending Quizzes
Risky Map Clicking: Least Populous States A-Z
1-10 Letter F Words
1-10 Letter G Words
One Thing in Common: United Kingdom
Risky Map Clicking: Next State Alphabetically
Recently Updated
Leaping Animals
pecheneg
Reality TV Shows (A-Z)
bhenderson79
Rickey Henderson's Hall of Fame Teammates
pecheneg
Champions League XIs: Arsenal
pecheneg
Quick Pick: Celebrities in WWE's Hall of Fame
aduchscher
A-Z Keypad Blitz II
pecheneg
Multiple Oscar Actors
pecheneg
Mystery Phrase Blitz: Oscar 'Best Actors'
pecheneg
F. Scott Fitzgerald Novels
LTH
Pick 3 Villains
ddd62291
Trending Topics
Harry Potter
NBA
Crossword
Marvel
Anime
Kpop
Disney
Puzzle
WWE
NFL
Song
Soccer
Pokémon
The Office
Country
Your Account Isn't Verified!
In order to create a playlist on Sporcle, you need to verify the email address you used during registration. Go to your
Sporcle Settings
to finish the process.
Report this User
Report this user for behavior that violates our
Community Guidelines
.
Details:
Send Report
Go to the Sporcle.com Mobile Site →
Comments